<?xml version="1.0" encoding="UTF-8"?>
<record
    xmlns:xsi="http://www.w3.org/2001/XMLSchema-instance"
    xsi:schemaLocation="http://www.loc.gov/MARC21/slim http://www.loc.gov/standards/marcxml/schema/MARC21slim.xsd"
    xmlns="http://www.loc.gov/MARC21/slim">

  <leader>01145nam a22002417a 4500</leader>
  <controlfield tag="001">2491</controlfield>
  <controlfield tag="003">HMS</controlfield>
  <controlfield tag="005">20250611144452.0</controlfield>
  <controlfield tag="008">250611e1994    cl a|||frntou 001 0 spa  </controlfield>
  <datafield tag="020" ind1=" " ind2=" ">
    <subfield code="a">9788478691708</subfield>
  </datafield>
  <datafield tag="040" ind1=" " ind2=" ">
    <subfield code="a">hms</subfield>
    <subfield code="b">spa</subfield>
    <subfield code="c">hms</subfield>
  </datafield>
  <datafield tag="050" ind1=" " ind2="4">
    <subfield code="a">WV500</subfield>
    <subfield code="b">E18</subfield>
  </datafield>
  <datafield tag="100" ind1="1" ind2=" ">
    <subfield code="a">Echeverr&#xED;a Go&#xF1;i, Sagrario</subfield>
    <subfield code="e">autor</subfield>
    <subfield code="9">3494</subfield>
  </datafield>
  <datafield tag="245" ind1="1" ind2="3">
    <subfield code="a">La voz infantil educaci&#xF3;n y reeducaci&#xF3;n :</subfield>
    <subfield code="b">Evaluaci&#xF3;n y metodolog&#xED;a para la relajaci&#xF3;n, la respiraci&#xF3;n, la articulaci&#xF3;n y la emisi&#xF3;n vocal /</subfield>
    <subfield code="c">Sagrario Echeverria Go&#xF1;i</subfield>
    <subfield code="h">[libro]</subfield>
  </datafield>
  <datafield tag="246" ind1=" " ind2=" ">
    <subfield code="a">Evaluaci&#xF3;n y metodolog&#xED;a para la relajaci&#xF3;n, la respiraci&#xF3;n, la articulaci&#xF3;n y la emisi&#xF3;n vocal /</subfield>
  </datafield>
  <datafield tag="260" ind1=" " ind2=" ">
    <subfield code="a">Espa&#xF1;a :</subfield>
    <subfield code="b">CEPE,</subfield>
    <subfield code="c">1994</subfield>
  </datafield>
  <datafield tag="300" ind1=" " ind2=" ">
    <subfield code="a">139 p&#xE1;ginas :</subfield>
    <subfield code="b">ilustraciones </subfield>
  </datafield>
  <datafield tag="500" ind1=" " ind2=" ">
    <subfield code="a">Incluye &#xED;ndice</subfield>
  </datafield>
  <datafield tag="504" ind1=" " ind2=" ">
    <subfield code="a">Incluye bibliograf&#xED;as </subfield>
  </datafield>
  <datafield tag="505" ind1=" " ind2=" ">
    <subfield code="a">I. El mecanismo de la fonaci&#xF3;n. -- II. Voz infantil y patolog&#xED;a. -- III. Propuesta metodol&#xF3;gica para una educaci&#xF3;n-terapia vocal. -- IV. Metodolog&#xED;a para una educaci&#xF3;n-terapia vocal. -- V. Complementos y refuerzos al programa de t&#xE9;cnica vocal</subfield>
  </datafield>
  <datafield tag="650" ind1=" " ind2="7">
    <subfield code="a">Trastornos de la voz </subfield>
    <subfield code="x">Terapia.</subfield>
    <subfield code="9">3495</subfield>
  </datafield>
  <datafield tag="942" ind1=" " ind2=" ">
    <subfield code="2">ddc</subfield>
    <subfield code="c">COL. RES.</subfield>
    <subfield code="n">0</subfield>
  </datafield>
  <datafield tag="999" ind1=" " ind2=" ">
    <subfield code="c">2491</subfield>
    <subfield code="d">2491</subfield>
  </datafield>
  <datafield tag="952" ind1=" " ind2=" ">
    <subfield code="0">0</subfield>
    <subfield code="1">0</subfield>
    <subfield code="2">lcc</subfield>
    <subfield code="4">0</subfield>
    <subfield code="7">0</subfield>
    <subfield code="8">Col. Res.</subfield>
    <subfield code="a">BHMS</subfield>
    <subfield code="b">BHMS</subfield>
    <subfield code="c">Full Space</subfield>
    <subfield code="d">1996-09-02</subfield>
    <subfield code="i">000843</subfield>
    <subfield code="l">0</subfield>
    <subfield code="o">WV500 E18 1994 </subfield>
    <subfield code="p">000843</subfield>
    <subfield code="r">2025-06-11 09:47:54</subfield>
    <subfield code="t">c.1</subfield>
    <subfield code="w">2025-06-11</subfield>
    <subfield code="y">COL. RES.</subfield>
  </datafield>
</record>
